Data structures using modula-2

Đã lưu trong:
Bibliografiske detaljer
Hovedforfatter: Richard F Sincovec
Format: Bog
Sprog:Undetermined
Udgivet: New York John Wiley and Sons 1986
Fag:
Tags: Tilføj Tag
Ingen Tags, Vær først til at tagge denne postø!
Thư viện lưu trữ: Trung tâm Học liệu Trường Đại học Cần Thơ
LEADER 00507nam a2200169Ia 4500
001 CTU_5133
008 210402s9999 xx 000 0 und d
082 |a 005.73 
082 |b S616 
100 |a Richard F Sincovec 
245 0 |a Data structures using modula-2 
245 0 |c Richard F Sincovec, Richard S Wiener 
260 |a New York 
260 |b John Wiley and Sons 
260 |c 1986 
650 |a programming languages ( electronic computers ) 
980 |a Trung tâm Học liệu Trường Đại học Cần Thơ